|
|
|
|
| LEADER |
02590nam a22005535i 4500 |
| 001 |
978-3-642-10657-6 |
| 003 |
DE-He213 |
| 005 |
20151125193346.0 |
| 007 |
cr nn 008mamaa |
| 008 |
100317s2010 gw | s |||| 0|eng d |
| 020 |
|
|
|a 9783642106576
|9 978-3-642-10657-6
|
| 024 |
7 |
|
|a 10.1007/978-3-642-10657-6
|2 doi
|
| 040 |
|
|
|d GrThAP
|
| 050 |
|
4 |
|a TA405-409.3
|
| 050 |
|
4 |
|a QA808.2
|
| 072 |
|
7 |
|a TG
|2 bicssc
|
| 072 |
|
7 |
|a TEC009070
|2 bisacsh
|
| 072 |
|
7 |
|a TEC021000
|2 bisacsh
|
| 082 |
0 |
4 |
|a 620.1
|2 23
|
| 245 |
1 |
0 |
|a Elastomere Friction
|h [electronic resource] :
|b Theory, Experiment and Simulation /
|c edited by Dieter Besdo, Bodo Heimann, Manfred Klüppel, Matthias Kröger, Peter Wriggers, Udo Nackenhorst.
|
| 264 |
|
1 |
|a Berlin, Heidelberg :
|b Springer Berlin Heidelberg,
|c 2010.
|
| 300 |
|
|
|a 250 p. 76 illus. in color.
|b online resource.
|
| 336 |
|
|
|a text
|b txt
|2 rdacontent
|
| 337 |
|
|
|a computer
|b c
|2 rdamedia
|
| 338 |
|
|
|a online resource
|b cr
|2 rdacarrier
|
| 347 |
|
|
|a text file
|b PDF
|2 rda
|
| 490 |
1 |
|
|a Lecture Notes in Applied and Computational Mechanics,
|x 1613-7736 ;
|v 51
|
| 505 |
0 |
|
|a Modelling of Dry andWet Friction of Silica Filled Elastomers on Self-Affine Road Surfaces -- Micromechanics of Internal Friction of Filler Reinforced Elastomers -- Multi-Scale Approach for Frictional Contact of Elastomers on Rough Rigid Surfaces -- Thermal Effects and Dissipation in a Model of Rubber Phenomenology -- Finite Element Techniques for Rolling RubberWheels -- Simulation and Experimental Investigations of the Dynamic Interaction between Tyre Tread Block and Road -- Micro Texture Characterization and Prognosis of the Maximum Traction between Grosch Wheel and Asphalt Surfaces underWet Conditions.
|
| 650 |
|
0 |
|a Engineering.
|
| 650 |
|
0 |
|a Polymers.
|
| 650 |
|
0 |
|a Mechanics.
|
| 650 |
|
0 |
|a Continuum mechanics.
|
| 650 |
1 |
4 |
|a Engineering.
|
| 650 |
2 |
4 |
|a Continuum Mechanics and Mechanics of Materials.
|
| 650 |
2 |
4 |
|a Mechanics.
|
| 650 |
2 |
4 |
|a Polymer Sciences.
|
| 700 |
1 |
|
|a Besdo, Dieter.
|e editor.
|
| 700 |
1 |
|
|a Heimann, Bodo.
|e editor.
|
| 700 |
1 |
|
|a Klüppel, Manfred.
|e editor.
|
| 700 |
1 |
|
|a Kröger, Matthias.
|e editor.
|
| 700 |
1 |
|
|a Wriggers, Peter.
|e editor.
|
| 700 |
1 |
|
|a Nackenhorst, Udo.
|e editor.
|
| 710 |
2 |
|
|a SpringerLink (Online service)
|
| 773 |
0 |
|
|t Springer eBooks
|
| 776 |
0 |
8 |
|i Printed edition:
|z 9783642106569
|
| 830 |
|
0 |
|a Lecture Notes in Applied and Computational Mechanics,
|x 1613-7736 ;
|v 51
|
| 856 |
4 |
0 |
|u http://dx.doi.org/10.1007/978-3-642-10657-6
|z Full Text via HEAL-Link
|
| 912 |
|
|
|a ZDB-2-ENG
|
| 950 |
|
|
|a Engineering (Springer-11647)
|